| 000 | nam a22 a 4500 | ||
|---|---|---|---|
| 999 |
_c113307 _d113307 |
||
| 003 | BLK | ||
| 005 | 20230407102736.0 | ||
| 008 | 180409b bul|||||r ||||||| ||bul|| | ||
| 010 | _aKNG00118708000 | ||
| 020 | _a954-442-011-8 | ||
| 040 | _aBLK | ||
| 041 |
_aBUL _cBUL |
||
| 080 |
_aФренска литература _b821.133.1 _x-31 _z821.133.1-31 |
||
| 100 | 1 |
_aТроая, Анри _eпърви автор _gТроя, Анри _9131509 |
|
| 139 |
_aТроая, Анри _bТ 86 |
||
| 245 | 1 | 0 |
_aЕйглетиерови _bТрилогия _cАнри Троая; прев. от фр. Никола Ненов Шивачев. _nКн. 3 _pВълнения - Краят на Ейглетиерови |
| 250 | _a3. изд. | ||
| 257 | _aFRA | ||
| 260 |
_aПловдив _bХристо Г. Данов _c1993 - _fПловдив : Полиграфия _9209596 _n954-442- |
||
| 300 |
_a316 с. _c20 см |
||
| 380 | _aX | ||
| 500 | _aОриг. загл. Les Eygletiere : La faim des lionceaux / Henri Troyat. - 1. изд. 1972 на изд. Хр. Г. Данов. - Офс. изд. | ||
| 653 | _aромани | ||
| 700 | 1 |
_aШивачев, Никола Ненов _eпрев. от фр. _9376065 |
|
| 760 | 1 |
_aТроая, Анри _b3. изд. _dХристо Г. Данов, 1993 _h316 с. _nОриг. загл. La Malandre / Henri Troyat. - 1. изд. 1973. _tКн. 3 Вълнения - Краят на Ейглетиерови |
|
| 852 |
_aЦб 172571 _bЦб |
||
| 856 | 4 |
_qpdf _i0.00 _ldisable |
|
| 856 | 4 |
_qpdf _i0.00 _ldisable |
|
| 942 |
_cKNG _n0 _04 _s1 |
||
| 944 |
_aCR _c18.06.2012 _lф / _kЛюдмила_Стоянова |
||
| 944 |
_aED _c07.12.2016 _lф / _kЛюдмила_Стоянова |
||
| 999 | _d113307 | ||